| 000 | 00363nam a22001337a 4500 | ||
|---|---|---|---|
| 008 | 190624b xxu||||| |||| 00| 0 eng d | ||
| 020 | _a9780140177396 | ||
| 050 |
_aPS 3537 _b.St819 1993 |
||
| 100 | _aJohn Steinbeck | ||
| 245 |
_aOf mice and men/ _cJohn Steinbeck |
||
| 260 |
_aNew York: _bPenguin Books _c1993. |
||
| 300 | _a107 p. : 170 cm. | ||
| 942 |
_2lcc _cBK |
||
| 999 |
_c361933 _d361933 |
||